000 00880nam a2200253 a 4500
001 BRCA_8500
005 20190320210317.0
008 030616s1990----mx-#######---#000-0#spa-#
041 _aspa
044 _amx
050 4 _aNK4031
_b.V39 1990
100 1 _aVázquez Bolliger, Adriana Xóchitl
_921303
245 1 0 _aOrganización social, cultura y modos de vida en el porfiriato a través del estudio de la cerámica doméstica.
260 _aCiudad de México
_c1990
300 _a136 p.
502 _aTesina Licenciatura (Licenciado en Sociología) Universidad Autónoma Metropolitana, Iztacalco
650 1 4 _aCerámica
_xHistoria
_91463
650 1 4 _aArte y sociedad
_91426
651 4 _aMéxico
_xVida social y costumbres
_yPorfiriato, 1876-1911
_921304
653 0 _aVida cotidiana
700 1 _aPeréz Franco, Lilia
_easesor
_921305
902 _aTES
942 _2lcc
_cTES
999 _c8166
_d8166